000 00435nam a2200181Ia 4500
003 GCL
008 140319s9999 xx 000 0 eng d
040 _aGCL /
_cGCL
082 0 4 _a646.2
_bR S
100 1 _aREADER'S DIGEST
245 1 0 _aSEWING &?KNITTING /
_cREADER'S DIGEST
260 _a[S.N] :
_bREADER'S DIGEST ،
_c1993
300 _a516 P
650 0 4 _aTEXTILE
650 0 4 _aKNITTING
650 0 4 _aSEWING
942 _2ddc
_cBK
999 _c21333
_d21333